[Event "ECU-ch U18 Girls"]
[Site "Riobamba"]
[Date "2023.04.13"]
[Round "4"]
[White "Lara Cuenca, Daniela del Carmen"]
[Black "Miranda Vargas, Analia Karen"]
[Result "0-1"]
[WhiteElo "1181"]
[BlackElo "1814"]
[PlyCount "39"]
[EventDate "2023.04.12"]
[EventType "swiss"]
[EventRounds "9"]
[EventCountry "ECU"]
[SourceTitle "EXT 2024"]
[Source "ChessBase"]
[SourceDate "2023.10.10"]
[SourceVersion "1"]
[SourceVersionDate "2023.10.10"]
[SourceQuality "1"]

1. e4 g6 2. d4 Bg7 3. Nf3 d6 4. Nc3 Nf6 5. Bc4 0-0 6. h3 Nxe4 7. Bxf7+ Rxf7 8. Nxe4 Bf5 9. Neg5 Rf6 10. g4 Bd7 11. Be3 Qf8 12. Nh2 e6 13. Qd2 Bc6 14. Nxe6 Rxe6 15. d5 Rxe3+ 16. fxe3 Be8 17. 0-0-0 Nd7 18. Rhf1 Qe7 19. Nf3 Be5 20. Ng5 0-1

[Event "ECU-ch U18 Girls"]
[Site "Riobamba"]
[Date "2023.04.12"]
[Round "1"]
[White "Guerrero Caicedo, Arlette Sabina"]
[Black "Lara Cuenca, Daniela del Carmen"]
[Result "0-1"]
[WhiteElo "1627"]
[BlackElo "1181"]
[PlyCount "88"]
[EventDate "2023.04.12"]
[EventType "swiss"]
[EventRounds "9"]
[EventCountry "ECU"]
[SourceTitle "EXT 2024"]
[Source "ChessBase"]
[SourceDate "2023.10.10"]
[SourceVersion "1"]
[SourceVersionDate "2023.10.10"]
[SourceQuality "1"]

1. d4 d6 2. Nf3 g6 3. g3 Bg7 4. Bg2 Nd7 5. c4 e5 6. dxe5 Nxe5 7. Nxe5 Bxe5 8. Nc3 Ne7 9. 0-0 Bg7 10. Ne4 0-0 11. Qb3 Rb8 12. Rd1 Be6 13. Qa4 b6 14. Ng5 Bg4 15. Nf3 a5 16. h3 Bd7 17. Qc2 Nc6 18. a3 Qe7 19. Be3 Bf5 20. Qc1 Ne5 21. Nd4 Be6 22. Bg5 Qd7 23. f4 Nxc4 24. Nxe6 Qxe6 25. Bd5 Qe3+ 26. Kh1 Qxc1 27. Rdxc1 Ne3 28. Bb3 Bxb2 29. Rab1 Bxc1 30. Rxc1 Rbc8 31. g4 d5 32. f5 d4 33. fxg6 hxg6 34. Rc6 Kh7 35. Be7 Rfe8 36. Bf6 Nf1 37. Bxf7 Rf8 38. Bd5 Ng3+ 39. Kg2 Nxe2 40. Be4 d3 41. Bg5 Nf4+ 42. Kg3 d2 43. Bf3 Nh5+ 44. gxh5 Rxf3+ 0-1

[Event "American Continental (Women) 13th"]
[Site "Cuenca"]
[Date "2022.12.09"]
[Round "7"]
[White "Illares Chumbi, Stefanny Gabriela"]
[Black "Lara Cuenca, Daniela del Carmen"]
[Result "1-0"]
[WhiteElo "1222"]
[BlackElo "1123"]
[PlyCount "121"]
[EventDate "2022.12.05"]
[EventType "swiss"]
[EventRounds "9"]
[EventCountry "ECU"]
[SourceTitle "CBM 211 Extra"]
[Source "ChessBase"]
[SourceDate "2023.01.31"]
[SourceVersion "1"]
[SourceVersionDate "2023.01.31"]
[SourceQuality "1"]

1. d4 g6 2. g3 Bg7 3. Bg2 d6 4. Nf3 Nd7 5. c4 e5 6. dxe5 Nxe5 7. Nxe5 Bxe5 8. 0-0 Ne7 9. Nd2 0-0 10. Rb1 c6 11. b3 d5 12. Bb2 d4 13. Nf3 Bg7 14. Bxd4 Bf5 15. Bxg7 Kxg7 16. Qxd8 Raxd8 17. Rbd1 Bc2 18. Rc1 Be4 19. Rfd1 h5 20. Ng5 Bf5 21. Nf3 Rfe8 22. Nd4 Bc8 23. e3 a6 24. b4 Nf5 25. Nxf5+ Bxf5 26. Bf3 Be6 27. Be2 Rc8 28. a4 Rc7 29. Bf3 Kh6 30. Rd6 Ree7 31. Be2 Red7 32. Rcd1 Re7 33. a5 Bd7 34. c5 Bf5 35. R1d4 Re4 36. Bd3 Rxd4 37. Rxd4 Be6 38. f4 Re7 39. e4 Kg7 40. Kf2 Bc8 41. Rd6 Be6 42. f5 gxf5 43. exf5 Kf6 44. fxe6 fxe6 45. Ke3 Kg5 46. h4+ Kg4 47. Be2+ Kxg3 48. Bxh5 Kxh4 49. Be2 Kg5 50. Ke4 e5 51. Bc4 Kg4 52. Rg6+ Kh5 53. Re6 Rc7 54. Kxe5 Kg4 55. Kd6 Rg7 56. Bxa6 bxa6 57. Kxc6 Kf5 58. Rd6 Rg4 59. b5 axb5 60. Kxb5 Rg8 61. a6 1-0

[Event "American Continental (Women) 13th"]
[Site "Cuenca"]
[Date "2022.12.09"]
[Round "8"]
[White "Lara Cuenca, Daniela del Carmen"]
[Black "Zhingri Dutan, Mabel Carolina"]
[Result "1/2-1/2"]
[WhiteElo "1123"]
[BlackElo "1304"]
[PlyCount "96"]
[EventDate "2022.12.05"]
[EventType "swiss"]
[EventRounds "9"]
[EventCountry "ECU"]
[SourceTitle "CBM 211 Extra"]
[Source "ChessBase"]
[SourceDate "2023.01.31"]
[SourceVersion "1"]
[SourceVersionDate "2023.01.31"]
[SourceQuality "1"]

1. e4 d5 2. exd5 Qxd5 3. Nc3 Qa5 4. d4 Nf6 5. Nf3 Bg4 6. Bc4 e6 7. Bd2 c6 8. h3 Bh5 9. Nd5 Qd8 10. Nxf6+ gxf6 11. Bb3 Be7 12. g4 Bg6 13. Qe2 Nd7 14. 0-0-0 Qc7 15. Nh4 Bd6 16. Rhf1 Bf4 17. Kb1 0-0-0 18. Be3 Bxe3 19. Qxe3 Nb6 20. f4 f5 21. a4 Rhe8 22. Nxg6 hxg6 23. Qe5 fxg4 24. Qxc7+ Kxc7 25. hxg4 Rh8 26. f5 Nd5 27. Bxd5 exd5 28. fxg6 fxg6 29. Rf7+ Rd7 30. Rdf1 Rhd8 31. R1f6 Rxf7 32. Rxf7+ Rd7 33. Rf6 Rd6 34. Rf7+ Rd7 35. Rf4 Re7 36. Rf6 Rg7 37. g5 Kd7 38. Kc1 Kc7 39. Kd2 Kd7 40. b4 a6 41. b5 axb5 42. axb5 cxb5 43. Rb6 Kc7 44. Rxb5 Kc6 45. Rc5+ Kd6 46. c4 dxc4 47. Rxc4 Rc7 48. Rb4 Kc6 1/2-1/2

[Event "American Continental (Women) 13th"]
[Site "Cuenca"]
[Date "2022.12.07"]
[Round "4"]
[White "Lara Cuenca, Daniela del Carmen"]
[Black "Illares Chumbi, Domenica Priscila"]
[Result "1/2-1/2"]
[WhiteElo "1123"]
[BlackElo "1308"]
[PlyCount "108"]
[EventDate "2022.12.05"]
[EventType "swiss"]
[EventRounds "9"]
[EventCountry "ECU"]
[SourceTitle "CBM 211 Extra"]
[Source "ChessBase"]
[SourceDate "2023.01.31"]
[SourceVersion "1"]
[SourceVersionDate "2023.01.31"]
[SourceQuality "1"]

1. e4 d5 2. exd5 Qxd5 3. Nc3 Qd6 4. Nf3 Nf6 5. Bc4 c6 6. 0-0 Bg4 7. Qe2 e6 8. d3 Be7 9. Bg5 0-0 10. Bh4 Qd8 11. Rfe1 Nbd7 12. h3 Bh5 13. d4 Nb6 14. Bd3 Bxf3 15. Qxf3 Qxd4 16. Bg5 Qd8 17. Rad1 Nbd7 18. Ne4 Qa5 19. Nxf6+ Nxf6 20. h4 h6 21. Bxf6 Bxf6 22. Qe4 g6 23. Qf4 Bg7 24. g4 Rad8 25. c3 h5 26. b4 e5 27. Qg5 Qxa2 28. Bb1 Rxd1 29. Rxd1 Qe6 30. gxh5 gxh5 31. Qxh5 e4 32. Re1 Qg6+ 33. Qxg6 fxg6 34. Rxe4 Bxc3 35. Rc4 Be1 36. Bxg6 Bxf2+ 37. Kg2 Bb6 38. h5 Kg7 39. Re4 Kh8 40. Re7 Rb8 41. Kf3 Bd4 42. Re4 c5 43. bxc5 Bxc5 44. Ke2 b5 45. Re8+ Rxe8+ 46. Bxe8 b4 47. Kd3 Bf8 48. Kc4 Kg7 49. Kb5 Kf6 50. Ka6 Bc5 51. Kb5 Bd6 52. Ka6 Bb8 53. Kb7 a5 54. Kxb8 Kg7 1/2-1/2

[Event "ECU-ch Schools U13 Girls Clas2"]
[Site "Chess.com INT"]
[Date "2020.11.20"]
[Round "7"]
[White "Escobar Villota, Domenika Gabriela"]
[Black "Lara Cuenca, Daniela del Carmen"]
[Result "1-0"]
[WhiteElo "1346"]
[BlackElo "1046"]
[PlyCount "53"]
[EventDate "2020.11.20"]
[EventType "swiss"]
[EventRounds "9"]
[EventCountry "ECU"]
[SourceTitle "CBM 199 Extra"]
[Source "ChessBase"]
[SourceDate "2021.01.31"]
[SourceVersion "1"]
[SourceVersionDate "2021.01.31"]
[SourceQuality "1"]

1. e4 e5 2. Nf3 Nc6 3. Bb5 Nf6 4. Qe2 d6 5. c3 Be7 6. 0-0 Bg4 7. Rd1 0-0 8. d4 exd4 9. cxd4 a6 10. Ba4 b5 11. Bb3 Re8 12. Nc3 Nd7 13. Bf4 Nb6 14. e5 dxe5 15. dxe5 Qc8 16. Qe4 Bf6 17. Qxc6 Bxf3 18. Qxf3 Bxe5 19. Bxe5 Rxe5 20. Qxf7+ Kh8 21. Nd5 Rf5 22. Qe7 Nxd5 23. Rxd5 Rf8 24. Rad1 Re8 25. Qg5 Qe6 26. h3 Qe4 27. Rd7 1-0

[Event "ECU-ch Schools U13 Girls Clas1"]
[Site "Chess.com INT"]
[Date "2020.11.18"]
[Round "9"]
[White "Lara Cuenca, Daniela del Carmen"]
[Black "Romero Torres, Amelia Valentina"]
[Result "0-1"]
[WhiteElo "1046"]
[BlackElo "1177"]
[PlyCount "132"]
[EventDate "2020.11.18"]
[EventType "swiss"]
[EventRounds "9"]
[EventCountry "ECU"]
[SourceTitle "CBM 199 Extra"]
[Source "ChessBase"]
[SourceDate "2021.01.31"]
[SourceVersion "1"]
[SourceVersionDate "2021.01.31"]
[SourceQuality "1"]

1. e4 c6 2. Nf3 d5 3. exd5 cxd5 4. Nc3 Nf6 5. Bb5+ Bd7 6. Bxd7+ Nbxd7 7. d3 e6 8. Be3 Bb4 9. Bd2 0-0 10. 0-0 Qc7 11. a3 Ba5 12. b4 Bb6 13. Nb5 Qc6 14. Nfd4 Bxd4 15. Nxd4 Qc7 16. Rc1 Rfc8 17. c4 dxc4 18. dxc4 Qe5 19. Nf3 Qd6 20. c5 Qe7 21. Bg5 h6 22. Bh4 Rd8 23. Qc2 Rac8 24. Rfd1 b6 25. Rd2 bxc5 26. bxc5 Rxc5 27. Qb2 Rxc1+ 28. Qxc1 Rb8 29. Bg3 Re8 30. Bh4 g5 31. Bg3 Ne4 32. Rd3 Ndc5 33. Rd4 f5 34. Qd1 f4 35. Qe2 fxg3 36. Rxe4 Nxe4 37. Qxe4 gxf2+ 38. Kxf2 Qc5+ 39. Kg3 Qc7+ 40. Ne5 Re7 41. Qg6+ Rg7 42. Qxe6+ Kh8 43. Qf5 Rf7 44. Qe6 Qc3+ 45. Nf3 Qc7+ 46. Kf2 Qc2+ 47. Kg3 Qc7+ 48. Kf2 Qe7 49. Qd5 g4 50. Qd4+ Rg7 51. Nh4 Qf7+ 52. Kg3 Qc7+ 53. Kf2 Qc2+ 54. Kg3 Qc7+ 55. Kf2 Qf7+ 56. Ke3 Qe7+ 57. Kf2 Qxh4+ 58. g3 Qxh2+ 59. Ke3 Qxg3+ 60. Kd2 Qg2+ 61. Ke3 Qa8 62. Kd3 Qe8 63. Kc4 Qc6+ 64. Kd3 Qg6+ 65. Kc3 Kh7 66. Kc4 Rc7+ 0-1

[Event "ECU-ch Schools U15 Girls Clas2"]
[Site "Chess.com INT"]
[Date "2020.11.07"]
[Round "3"]
[White "Artieda Berru, Ariadna Amely"]
[Black "Lara Cuenca, Daniela del Carmen"]
[Result "1-0"]
[WhiteElo "1220"]
[BlackElo "1046"]
[PlyCount "51"]
[EventDate "2020.11.07"]
[EventType "swiss"]
[EventRounds "9"]
[EventCountry "ECU"]
[SourceTitle "EXT 2022"]
[Source "ChessBase"]
[SourceDate "2021.10.06"]
[SourceVersion "1"]
[SourceVersionDate "2021.10.06"]
[SourceQuality "1"]

1. e4 e5 2. Nf3 Nc6 3. Bc4 Nf6 4. Ng5 d5 5. exd5 Na5 6. Bb5+ c6 7. dxc6 bxc6 8. Bd3 Ng4 9. Ne4 Be7 10. h3 Nf6 11. 0-0 0-0 12. a3 Nxe4 13. Bxe4 Qd4 14. d3 f5 15. Bf3 Ba6 16. Bd2 e4 17. Bxa5 exf3 18. Qxf3 Qxb2 19. Nc3 Qxc2 20. Qxc6 Bxd3 21. Qe6+ Kh8 22. Rfc1 Qd2 23. Qxe7 Rfc8 24. Qd6 Rd8 25. Bxd8 Rc8 26. Qf8# 1-0

[Event "ECU-ch Schools U15 Girls Clas2"]
[Site "Chess.com INT"]
[Date "2020.11.07"]
[Round "2"]
[White "Lara Cuenca, Daniela del Carmen"]
[Black "Roman Tapia, Ariana Alejandra"]
[Result "1-0"]
[WhiteElo "1046"]
[BlackElo "1475"]
[PlyCount "69"]
[EventDate "2020.11.07"]
[EventType "swiss"]
[EventRounds "9"]
[EventCountry "ECU"]
[SourceTitle "EXT 2022"]
[Source "ChessBase"]
[SourceDate "2021.10.06"]
[SourceVersion "1"]
[SourceVersionDate "2021.10.06"]
[SourceQuality "1"]

1. e4 c5 2. Nf3 d6 3. d4 cxd4 4. Nxd4 Nf6 5. Nc3 a6 6. f3 e5 7. Nb3 Be6 8. Be3 Nc6 9. Qd2 Be7 10. 0-0-0 0-0 11. g4 b5 12. h4 Na5 13. Nd5 Bxd5 14. exd5 Nxb3+ 15. cxb3 Rc8+ 16. Kb1 Nd7 17. h5 Nc5 18. Rc1 h6 19. b4 Nb7 20. Rxc8 Qxc8 21. Rg1 f5 22. gxf5 Qxf5+ 23. Ka1 Qxf3 24. Be2 Qf5 25. Bxh6 Bf6 26. Be3 Rc8 27. h6 Rc2 28. Qd1 Rc7 29. Bd3 Qh3 30. Bf2 Qxh6 31. Rh1 Qf4 32. Be3 Qxe3 33. Bb1 Bg5 34. Qh5 Bh6 35. Qe8# 1-0

[Event "ECU-ch Schools U15 Girls Clas1"]
[Site "Chess.com INT"]
[Date "2020.11.05"]
[Round "6"]
[White "Yagual Cacao, Haily Alanis"]
[Black "Lara Cuenca, Daniela del Carmen"]
[Result "0-1"]
[WhiteElo "1014"]
[BlackElo "1046"]
[PlyCount "36"]
[EventDate "2020.11.05"]
[EventType "swiss"]
[EventRounds "9"]
[EventCountry "ECU"]
[SourceTitle "EXT 2022"]
[Source "ChessBase"]
[SourceDate "2021.10.06"]
[SourceVersion "1"]
[SourceVersionDate "2021.10.06"]
[SourceQuality "1"]

1. e4 e5 2. Nf3 Nc6 3. Bc4 Nf6 4. Nc3 Bb4 5. a3 Bxc3 6. bxc3 Nxe4 7. 0-0 0-0 8. Re1 Nf6 9. Nxe5 Nxe5 10. Rxe5 c6 11. d4 d5 12. Bd3 Bg4 13. Be2 Bxe2 14. Qxe2 Qd7 15. Re7 Qc8 16. Qf3 Re8 17. Rxe8+ Qxe8 18. Qg3 Qe1# 0-1

[Event "ECU-ch Schools U15 Girls Clas1"]
[Site "Chess.com INT"]
[Date "2020.11.05"]
[Round "8"]
[White "Zhindon Minchala, Andrea Lisseth"]
[Black "Lara Cuenca, Daniela del Carmen"]
[Result "0-1"]
[WhiteElo "199"]
[BlackElo "1046"]
[PlyCount "114"]
[EventDate "2020.11.05"]
[EventType "swiss"]
[EventRounds "9"]
[EventCountry "ECU"]
[SourceTitle "EXT 2022"]
[Source "ChessBase"]
[SourceDate "2021.10.06"]
[SourceVersion "1"]
[SourceVersionDate "2021.10.06"]
[SourceQuality "1"]

1. d4 d5 2. Nc3 Nf6 3. Bf4 g6 4. e3 Bg7 5. Nf3 0-0 6. Bd3 b6 7. 0-0 Bb7 8. Qe2 Nbd7 9. e4 dxe4 10. Nxe4 Nxe4 11. Bxe4 Bxe4 12. Qxe4 Nf6 13. Qe3 Re8 14. Rad1 Ng4 15. Qc3 Qc8 16. Bxc7 Qa6 17. Bg3 Rac8 18. Qb3 Qa5 19. h3 Nf6 20. Bh4 Nh5 21. Ng5 e6 22. Ne4 Rcd8 23. Bxd8 Rxd8 24. a3 Qf5 25. Ng3 Nxg3 26. fxg3 Qg5 27. Qf3 Qe7 28. g4 Bxd4+ 29. Kh1 Bxb2 30. Rxd8+ Qxd8 31. Qxf7+ Kh8 32. Qxe6 Bxa3 33. Qe5+ Kg8 34. Qe6+ Kh8 35. Qf6+ Qxf6 36. Rxf6 Bb2 37. Rf7 a5 38. c4 Bd4 39. Rf1 a4 40. Rd1 Bc5 41. Rd2 a3 42. Ra2 Kg7 43. Kh2 Kf6 44. Kg3 Ke5 45. Kf3 Kd4 46. Rc2 Kd3 47. Ra2 Kxc4 48. Kf4 Kb3 49. Re2 a2 50. Rxa2 Kxa2 51. Kg5 b5 52. Kh6 b4 53. Kxh7 b3 54. Kxg6 b2 55. Kh5 b1Q 56. g3 Qh7+ 57. Kg5 Qxh3 0-1